| 000 | 00424nam a2200145 a 4500 | ||
|---|---|---|---|
| 001 | 000027915 | ||
| 005 | 20200930031210.0 | ||
| 008 | 110405s1983 dr a 000 0 spa d | ||
| 040 |
_aDO-SdBNP _bspa _cBNPHU |
||
| 245 | 0 | 0 |
_aCapitalismo y patriarcado : _bla mujer en el código de trabajo. |
| 250 | _a2a ed. | ||
| 260 |
_aSanto Domingo : _bEdiciones Populares Feministas, _c1983. |
||
| 300 |
_a51 P. ; _c21 cm. |
||
| 049 | _aBNPD | ||
| 999 |
_c27407 _d27407 |
||